Central Library OPAC University of Rajshahi

Programed reviews of chemical principles / (Record no. 9521)

MARC details
000 -LEADER
fixed length control field 00890nam a2200313 i 4500
001 - CONTROL NUMBER
control field 9521
003 - CONTROL NUMBER IDENTIFIER
rucl marc code BD-RjUL
005 - DATE AND TIME OF LATEST TRANSACTION
control field 20211208234806.0
008 - FIXED-LENGTH DATA ELEMENTS--GENERAL INFORMATION
fixed length control field 140121s1974 caua p 000 0 eng d
020 ## - INTERNATIONAL STANDARD BOOK NUMBER
International Standard Book Number 0805360263
035 ## - SYSTEM CONTROL NUMBER
System control number (BD-RjUL) 9566
040 ## - CATALOGING SOURCE
Original cataloging agency DLC
Transcribing agency DLC
Modifying agency DLC
-- (BD-RjUL)
Language of cataloging eng
041 ## - LANGUAGE CODE
Language code of text/sound track or separate title eng
082 00 - DEWEY DECIMAL CLASSIFICATION NUMBER
Classification number 540.77
Author mark and year PRO
245 00 - TITLE STATEMENT
Title Programed reviews of chemical principles /
Statement of responsibility, etc. Jean D. Lassila ... [et al.].
250 ## - EDITION STATEMENT
Edition statement 2d ed.
260 ## - PUBLICATION, DISTRIBUTION, ETC. (IMPRINT)
Place of publication, distribution, etc. Menlo Park, Calif. :
Name of publisher, distributor, etc. W. A. Benjamin,
Date of publication, distribution, etc. [1974]
300 ## - PHYSICAL DESCRIPTION
Pagination viii, 743 p. :
Illustrations ill. ;
Size 24 cm.
650 #0 - SUBJECT ADDED ENTRY--TOPICAL TERM
Topical term or geographic name as entry element Chemistry
General subdivision Programmed instruction.
9 (RLIN) 29501
700 1# - ADDED ENTRY--PERSONAL NAME
Personal name Lassila, Jean D.
Personal name Gordon,G
Personal name Barrow,M
Personal name Malcolm E
Personal name Kenney
Personal name Robert,L
942 ## - ADDED ENTRY ELEMENTS (KOHA)
Source of classification or shelving scheme Dewey Decimal Classification
Koha item type Books
Holdings
Lost status Source of classification or shelving scheme Damaged status Not for loan Collection code Permanent Location Current Location Shelving location Date acquired Source of acquisition Total Checkouts Full call number Date last seen Copy number Koha item type
  Dewey Decimal Classification   Not For Loan Non-fiction Central Library, University of Rajshahi Central Library, University of Rajshahi Reading Room 02/02/1991 Gift   540.77 PRO 1974 21/01/2014 C-1 Books